000
00205 a2200097 4500
001
41111
100
_a
Tillett J
245
_a
Practical Comprehension
260
_a
_b
Hutchinson
_c
090
_c
25341
_d
25341
942
_a
NUST-CAE
_c
M
_c
17049
999
_c
276184
_d
276184